|
|
|
|
| LEADER |
02623nam a2200721 i 4500 |
| 001 |
nkc20182970721 |
| 003 |
CZ PrNK |
| 005 |
20180314103308.0 |
| 007 |
ta |
| 008 |
180118s2017 xr f c 000 0 cze |
| 015 |
|
|
|a cnb002970721
|
| 020 |
|
|
|a 978-80-7427-253-0
|q (kroužková vazba)
|
| 035 |
|
|
|a (OCoLC)1028223368
|
| 040 |
|
|
|a BOA001
|b cze
|e rda
|
| 041 |
1 |
|
|a cze
|a eng
|h cze
|
| 043 |
|
|
|a e-xr---
|b e-xr-pg
|2 czenas
|
| 045 |
|
|
|a y1y1
|
| 072 |
|
7 |
|a 579
|x Mikrobiologie
|2 Konspekt
|9 2
|
| 080 |
|
|
|a 001.32
|2 MRF
|
| 080 |
|
|
|a 579.841.3
|2 MRF
|
| 080 |
|
|
|a 579.841.2
|2 MRF
|
| 080 |
|
|
|a 069.5:578/579
|2 MRF
|
| 080 |
|
|
|a (437.311)
|2 MRF
|
| 080 |
|
|
|a (083.82)
|2 MRF
|
| 245 |
0 |
0 |
|a Katalog kultur 2017 :
|b sbírka rhizobií = Catalogue of cultures 2017 : culture collection of Rhizobia /
|c editors: Lenka Kabátová, Tomáš Šimon, Alena Czakó
|
| 246 |
3 |
0 |
|a Sbírka rhizobií
|
| 246 |
3 |
0 |
|a Culture collection of Rhizobia
|
| 246 |
3 |
1 |
|a Catalogue of cultures 2017
|
| 250 |
|
|
|a 6. upravené vydání
|
| 264 |
|
1 |
|a Praha :
|b Výzkumný ústav rostlinné výroby, v.v.i.,
|c [2017]
|
| 300 |
|
|
|a 75 stran ;
|c 30 cm
|
| 336 |
|
|
|a text
|b txt
|2 rdacontent
|
| 337 |
|
|
|a bez média
|b n
|2 rdamedia
|
| 338 |
|
|
|a svazek
|b nc
|2 rdacarrier
|
| 500 |
|
|
|a Latinská názvosloví
|
| 504 |
|
|
|a Obsahuje bibliografii
|
| 546 |
|
|
|a Souběžný anglický text
|
| 610 |
2 |
7 |
|a Výzkumný ústav rostlinné výroby.
|b Oddělení biologie půdy
|7 kn20070227016
|2 czenas
|
| 648 |
|
7 |
|a 2017
|7 ch1095534
|2 czenas
|
| 650 |
0 |
7 |
|a výzkumné ústavy
|7 ph127482
|z Česko
|2 czenas
|
| 650 |
0 |
7 |
|a Rhizobium
|7 ph388505
|2 czenas
|
| 650 |
0 |
7 |
|a Azotobacter
|7 ph348275
|2 czenas
|
| 650 |
0 |
7 |
|a mikrobiologické sbírky
|7 ph388507
|z Česko
|2 czenas
|
| 650 |
0 |
9 |
|a research institutes
|z Czechia
|2 eczenas
|
| 650 |
0 |
9 |
|a Rhizobium
|2 eczenas
|
| 650 |
0 |
9 |
|a Azotobacter
|2 eczenas
|
| 650 |
0 |
9 |
|a microbiological collections
|2 eczenas
|
| 650 |
0 |
9 |
|a research institutes
|z Czechia
|2 eczenas
|
| 650 |
0 |
9 |
|a Rhizobium
|2 eczenas
|
| 650 |
0 |
9 |
|a Azotobacter
|2 eczenas
|
| 650 |
0 |
9 |
|a microbiological collections
|z Czechia
|2 eczenas
|
| 651 |
|
7 |
|a Ruzyně (Praha, Česko)
|7 ge137124
|2 czenas
|
| 651 |
|
9 |
|a Ruzyně (Prague, Czechia)
|2 eczenas
|
| 655 |
|
7 |
|a katalogy
|7 fd132535
|2 czenas
|
| 655 |
|
9 |
|a catalogs
|2 eczenas
|
| 700 |
1 |
|
|a Kabátová, Lenka
|7 mzk2008434050
|4 edt
|
| 700 |
1 |
|
|a Šimon, Tomáš
|7 mzk2007401156
|4 edt
|
| 700 |
1 |
|
|a Czakó, Alena
|7 jo20251251056
|4 edt
|
| 910 |
2 |
|
|a BOA001
|b 4-1402.857
|
| 990 |
|
|
|a BK
|
| 995 |
|
|
|a 01
|
| 991 |
|
|
|b 201802
|c NOV
|
| 996 |
6 |
|
|b 2610732854
|c 4-1402.857
|l MZK
|r Sklad / do 1 hodiny
|n 0
|p p.v.
|w 001650163
|u 000010
|a 1
|e BOA001
|j MZK50
|s P
|